000 01939cam a2200481 i 4500
001 200468059
003 TR-AnTOB
005 20260413095644.0
007 ta
008 260413t19781948enk 000 1 eng
010 _a 77377277
020 _a0140021353
_q(paperback)
035 _a(CLU)696996-ucladb-Voyager
035 _a(OCoLC)00621593
035 _a(OCoLC)ocm00621593
035 _a(EXLNZ-01UCS_NETWORK)9913072792106531
035 _a(TR-AnTOB)200468059
040 _aDLC
_beng
_erda
_cDLC
_dBAKER
_dBTCTA
_dOCLCG
_dNMC
_dTXCUE
_dOCLCO
_dOCLCF
_dOCLCQ
_dOCLCO
_dJDP
_dOCLCO
_dNJR
_dZQP
_dOCLCO
_dOCL
_dOCLCO
_dOCLCL
_dZCU
_dOCLCL
_dOCLCO
_dTR-AnTOB
041 0 _aeng
043 _an-usu--
050 0 4 _aPS3505.A59
_bO8 1978
090 _aPS3505.A59
_bO8 1978
100 1 _aCapote, Truman,
_d1924-1984
_eauthor
_4aut
_0http://id.loc.gov/authorities/names/n79104227
_953170
245 1 0 _aOther voices, other rooms /
_cTruman Capote.
264 1 _aHarmondsworth ;
_bPenguin Books,
_c1978.
264 4 _c©1948
300 _a173 pages ;
_c18 cm
336 _atext
_btxt
_2rdacontent
337 _aunmediated
_bn
_2rdamedia
338 _avolume
_bnc
_2rdacarrier
520 _aA novel describing the abnormal maturing of a loveless thirteen-year-old boy who goes to live with his father in a run-down Louisiana mansion peopled with eccentric characters.
650 0 _aBoys
_vFiction
_935002
650 0 _aFriendship
_vFiction
_964919
650 0 _aStepmothers
_vFiction
_9153571
650 0 _aMothers
_xDeath
_vFiction
_985977
651 0 _aSouthern States
_vFiction
_9153572
655 7 _aBildungsromans
_2lcgft
_0http://id.loc.gov/authorities/genreForms/gf2014026243
_95156
655 7 _aFiction
_2lcgft
_0http://id.loc.gov/authorities/genreForms/gf2014026339
_9151487
655 7 _aNovels
_2lcgft
_0http://id.loc.gov/authorities/genreForms/gf2015026020
_9153321
942 _2lcc
_cBK
999 _c200468059
_d86271